000 00646cam a22001937a 4500
003 MX-MxUPN
005 20241008125758.0
008 240816s1976 ho| |||fr|||| 000 0 spa d
040 _aMX-MxUPN
_bspa
041 0 _aeng
050 _aLC155 H8
_bW55 1976
100 1 _953950
_aWhite, Robert A.
245 1 0 _aLiteracy :
_bcause or effect of social development
260 _aTegucigalpa, Honduras :
_bInstituto de Investigaciones Socio económicas,
_c[1976?]
300 _a27 hojas
650 4 _953952
_aAlfabetización (Educación)
_xAspectos sociales
_zHonduras
902 _aMarielOrtiz/160824
_bVíctorGodínez/081024
942 _2lcc
_cFOLL
999 _c211579
_d211579